Estadísticas para Capitales de provincia españolas más húmedas

Haz click aquí para intentar la prueba.

Estadísticas generales

  • Esta prueba ha sido intentada 45 veces
  • La puntuación promedio es 20 de 26

Estadísticas de respuestas

% Humedad media anualCapital% Correcto
69Barcelona
98%
75A Coruña
93%
70Bilbao
93%
77Lugo
93%
70Orense
93%
78Oviedo
93%
65Valencia
93%
67León
90%
78San Sebastian
90%
74Santander
90%
66Alicante
88%
71Gerona
86%
75Vitoria-Gasteiz
86%
71Burgos
81%
66Castellón
81%
65Soria
81%
67Pamplona
79%
67Logroño
76%
65Salamanca
76%
66Lerida
71%
65Málaga
69%
70Cádiz
64%
66Las Palmas de Gran Canaria
62%
72Palma de Mallorca
38%
68Ceuta
26%
71Melilla
26%

Distribución de puntuación

Porcentaje por número respondido

Porcentaje de gente con cada puntuación

Historial de tus puntuaciones

No has intentado esta prueba.